Stakeholderi - kľúčový element CSR

Kľúčovými prvkami konceptu Corporate Social Responsibility sú stakeholderi. Problematika identifikácie stakeholderov a spôsob dialógu s nimi, ktorý je dôležitý pre dlhodobé partnerstvo a spoluprácu.

Na minha lista:
Detalhes bibliográficos
Autor principal: Jurišová, Vladimíra
Formato: Capítulo de Livro
Idioma:eslovaco
Assuntos:
Tags: Adicionar Tag
Sem tags, seja o primeiro a adicionar uma tag!

MARC

LEADER 00000nla a2200000 4500
001 0178310
005 20221020085324.9
041 0 |a slo 
044 |a SK 
245 1 0 |a Stakeholderi - kľúčový element CSR  |c Vladimíra Jurišová 
520 |a Kľúčovými prvkami konceptu Corporate Social Responsibility sú stakeholderi. Problematika identifikácie stakeholderov a spôsob dialógu s nimi, ktorý je dôležitý pre dlhodobé partnerstvo a spoluprácu. 
610 2 0 |a stakeholder 
610 2 0 |a zdroje investičné 
610 2 0 |a skupiny záujmové 
610 2 0 |a partnerstvo verejno-súkromné 
610 2 0 |a financovanie 
610 2 0 |a podnikanie zodpovedné 
610 2 0 |a zodpovednosť spoločenská 
100 1 |a Jurišová, Vladimíra